Shooting star XG - lyrics - Statistics

General Stats
  • This quiz has been taken 19 times
  • The average score is 341 of 500
Answer Stats
Answer % Correct
Ooh-ah
100%
a
93%
I
93%
in
93%
it
93%
Make
93%
n'
93%
the
93%
we
93%
We
93%
Yeah
93%
yeah
93%
cool
87%
do
87%
every
87%
flawless
87%
go
87%
kids
87%
my
87%
no
87%
to
87%
Always
80%
dem
80%
diet
80%
everything
80%
for
80%
Got
80%
got
80%
green
80%
Head
80%
huh
80%
insane
80%
it's
80%
It's
80%
lookin'
80%
nothin'
80%
nothing
80%
on
80%
Shinin'
80%
shinin'
80%
So
80%
so
80%
toe
80%
Uh-Uh
80%
A1
73%
all
73%
All
73%
canary
73%
Going
73%
going
73%
I'm
73%
like
73%
looking
73%
move
73%
pay
73%
riot
73%
saucin'
73%
shootin'
73%
stars
73%
Uh
73%
wish
73%
XG
73%
you
73%
You
73%
be
67%
dark
67%
diamonds
67%
fresh
67%
lavish
67%
life
67%
Makin'
67%
me
67%
movement
67%
now
67%
off
67%
one
67%
out
67%
ridin'
67%
shooting
67%
sure
67%
that
67%
this
67%
up
67%
amazing
60%
another
60%
Baby
60%
big
60%
dream
60%
'em
60%
moves
60%
pandemonium
60%
poppin'
60%
stupid
60%
team
60%
world
60%
can't
53%
days
53%
day's
53%
Don't
53%
don't
53%
(drip, drippin')
53%
give
53%
ground
53%
habit
53%
if
53%
our
53%
outta
53%
put
53%
space
53%
stay
53%
these
53%
trade
53%
when
53%
work
53%
Working
53%
and
47%
And
47%
bet
47%
from
47%
fun
47%
imagine
47%
is
47%
just
47%
Just
47%
losin'
47%
need
47%
never
47%
overtime
47%
Taking
47%
they
47%
what
47%
will
47%
Wouldn't
47%
ain't
40%
But
40%
couldn't
40%
Headin'
40%
launch
40%
run
40%
spaceship
40%
stunt
40%
(bling, bling)
33%
care
33%
'Cause
33%
'cause
33%
dumb
33%
know
33%
Oh
33%
shots
33%
too
33%
wanna
33%
boot
27%
brat
27%
doin'
27%
fire
27%
how
27%
jumpin'
27%
Nobody
27%
ready
27%
take
27%
touching
27%
tryin'
27%
with
27%
action
20%
camera
20%
energy
20%
galaxy
20%
get
20%
I've
20%
Lights
20%
Making
20%
watching
20%
way
20%
Comets
13%
coolin'
13%
droppin'
13%
hit
13%
live
13%
rockin'
13%
scene
13%
suit
13%
child
7%
Ooh-ah
7%
play
7%
twisted
7%
anoher
0%
as
0%
queen
0%
should
0%
No matching quizzes found
Score Distribution
Percent of People with Each Score
Percentile by Number Answered
Your Score History
You have not taken this quiz